| 000 | 00000nam##2200000za#4500 |
| 001 | 9.692742 |
| 003 | CaOODSP |
| 005 | 20241203113636 |
| 007 | cr ||||||||||| |
| 008 | 150407|2001||||xxc|||||o f|0| 0 eng|d |
| 040 | |aCaOODSP|beng |
| 043 | |an-cn--- |
| 086 | 1 |aEn40-635/2001E-PDF |
| 110 | 1 |aCanada. |bEnvironment Canada. |
| 245 | 10|aEvaluation of phytoremediation for HMX at the Wainwright Military Base : |h[electronic resource]|bgreenhouse trials / |cPrepared by: Beak International Incorporated, in association with Biotechnology Research Institute (BRI), National Research Council. |
| 246 | 1 |aEvaluation of phytoremediation of HMX |
| 260 | |aMontreal - Quebec : |bEnvironment Canada |cMay 2000. |
| 300 | |a92p.|bgraphs, references, tables, photographs |
| 500 | |a"Final report prepared for: Environment Canada's Wastewater Technology Center and Environmental Protection Branch, Québec Region and the Department of National Defense." |
| 590 | |a10-10-Supp|b2010-11-09 |
| 856 | 40|ahttp://publications.gc.ca|qPDF|s6500 KB|uhttps://publications.gc.ca/collections/Collection/En40-635-2001E.pdf |